Crocodiles : (Record no. 16107)

000 -LEADER
fixed length control field 00714cam a22002054a 4500
020 ## - INTERNATIONAL STANDARD BOOK NUMBER
ISBN 0851996566
040 ## - CATALOGING SOURCE
Transcribing agency DLC
082 00 - DEWEY DECIMAL CLASSIFICATION NUMBER
Classification number 639 CAB 2003 A083 Or.
100 1# - MAIN ENTRY--AUTHOR NAME
Personal name Huchzermeyer, F. W.
245 10 - TITLE STATEMENT
Title Crocodiles :
Remainder of title biology, husbandry and diseases /
260 ## - PUBLICATION, DISTRIBUTION, ETC. (IMPRINT)
Place of publication Wallingford, Oxon, UK ;
-- Cambridge, MA :
Name of publisher CABI Pub.,
Year of publication c2003.
300 ## - PHYSICAL DESCRIPTION
Number of Pages x, 337 p. :
Other physical details ill. (some col.) ;
Dimensions 26 cm.
650 #0 - SUBJECT ADDED ENTRY--TOPICAL TERM
Topical Term Crocodile farming.
650 #0 - SUBJECT ADDED ENTRY--TOPICAL TERM
Topical Term Crocodiles.
650 #0 - SUBJECT ADDED ENTRY--TOPICAL TERM
Topical Term Captive reptiles.
856 42 - ELECTRONIC LOCATION AND ACCESS
Uniform Resource Identifier http://www.e-streams.com/es0704/es0704_3198.html
856 42 - ELECTRONIC LOCATION AND ACCESS
Uniform Resource Identifier http://www.loc.gov/catdir/enhancements/fy0612/2002013734-d.html
856 41 - ELECTRONIC LOCATION AND ACCESS
Uniform Resource Identifier http://www.loc.gov/catdir/enhancements/fy0612/2002013734-t.html
942 ## - ADDED ENTRY ELEMENTS (KOHA)
Koha item type សៀវភៅភាសាអង់គ្លេស
952 ## - LOCATION AND ITEM INFORMATION (KOHA)
Withdrawn status [LOCAL, KOHA] 0
Holdings
Permanent Location Date acquired Koha item type Lost status Shelving location Barcode Current Location Full call number
Library Block A2018-01-10សៀវភៅភាសាអង់គ្លេស A083A15293Library Block A639 CAB 2003 A083 Or.
មជ្ឈមណ្ឌលឯការនៃសាកលវិទ្យាល័យភូមិន្ទកសិកម្មចំការដូង

Powered by Koha